Energize Your Mind (Record no. 369634)

MARC details
000 -LEADER
fixed length control field 00539nam a2200181 4500
005 - DATE AND TIME OF LATEST TRANSACTION
control field 20251230141146.0
008 - FIXED-LENGTH DATA ELEMENTS--GENERAL INFORMATION
fixed length control field 251230b |||||||| |||| 00| 0 eng d
020 ## - INTERNATIONAL STANDARD BOOK NUMBER
International Standard Book Number 978-0-143-44228-8
041 ## - LANGUAGE CODE
Language code of text/sound track or separate title Eng
082 ## - DEWEY DECIMAL CLASSIFICATION NUMBER
Edition number 1st ed. 2023
Classification number X 152.4 DAS
Item number B12100
100 ## - MAIN ENTRY--PERSONAL NAME
Author Das Gaur Gopal
245 ## - TITLE STATEMENT
Title Energize Your Mind
Remainder of title :Learn the Art of Mastering Your Thoughts,Feeling and Emotions
250 ## - EDITION STATEMENT
Edition statement 1st ed
260 ## - PUBLICATION, DISTRIBUTION, ETC.
Place of publication, distribution, etc. Haryana
Name of publisher, distributor, etc. Penguin Random House
Date of publication, distribution, etc. 2023
300 ## - PHYSICAL DESCRIPTION
Extent xiii,311p
Other physical details pb
365 ## - TRADE PRICE
Price type code Rupaye
Price amount 182
Currency code INR
942 ## - ADDED ENTRY ELEMENTS (KOHA)
Koha item type Books
Holdings
Withdrawn status Lost status Source of classification or shelving scheme Damaged status Not for loan Collection code Home library Current library Date acquired Vendor Net Price Bill number Total Checkouts Full call number Barcode Date last seen Date last checked out Discount Actual Price Bill Date Koha item type Original Barcode
    Dewey Decimal Classification     Non-fiction Smt. Bakul Tambat Institute of Nursing Education Smt. Bakul Tambat Institute of Nursing Education 30/12/2025 Amazon(online) order No. 405-5670770-9363504 172.90 CJB1-3055486 1 X 152.4 DAS B12100 BTIN-BK-12100 28/01/2026 20/01/2026 9.10 182.00 16/10/2025 Books BTIN-BK-12100